Etudes sur l'Espagne. (Record no. 179042)
[ view plain ]
| 000 -LEADER | |
|---|---|
| campo de control de longitud fija | 01122nam a2200217 i 4500 |
| 001 - NÚMERO DE CONTROL | |
| campo de control | 179042 |
| 003 - IDENTIFICADOR DE NÚMERO DE CONTROL | |
| campo de control | ES-MaACL |
| 005 - FECHA Y HORA DE LA ÚLTIMA TRANSACCIÓN | |
| campo de control | 20231111062535.0 |
| 008 - DATOS DE LONGITUD FIJA--INFORMACIÓN GENERAL | |
| campo de control de longitud fija | 110824s1925 fr |||| | fre d |
| 080 ## - NÚMERO DE LA CLASIFICACIÓN DECIMAL UNIVERSAL | |
| Número de la Clasificación Decimal Universal | 946(04) |
| 080 ## - NÚMERO DE LA CLASIFICACIÓN DECIMAL UNIVERSAL | |
| Número de la Clasificación Decimal Universal | 86.09(04) |
| 100 1# - ENTRADA PRINCIPAL--NOMBRE DE PERSONA | |
| Nombre de persona | Morel-Fatio, Alfred. |
| 9 (RLIN) | 83243 |
| 245 10 - MENCIÓN DEL TÍTULO | |
| Título | Etudes sur l'Espagne. |
| Número de parte o sección de la obra | Quatrième série / |
| Mención de responsabilidad, etc. | par A. Morel-Fatio. |
| 260 ## - PUBLICACIÓN, DISTRIBUCIÓN, ETC. | |
| Lugar de publicación, distribución, etc. | Paris : |
| Nombre del editor, distribuidor, etc. | Edouard Champion, |
| Fecha de publicación, distribución, etc. | 1925. |
| 300 ## - DESCRIPCIÓN FÍSICA | |
| Extensión | 494 p. ; |
| Dimensiones | 21 cm. |
| 505 8# - NOTA DE CONTENIDO CON FORMATO | |
| Nota de contenido con formato | Contiene: I. La donation du duché de Molina a Bertrand du Guesclin II. Notice sur trois manuscrits de la Bibliothèque d'Ossuna III. Les deux "Omero" castillans IV. Chateaux en Espagne V. Les Allemands en Espagne et les Espagnols en Allemagne du XVe. siècle jusqu'a nos jours VI. L'espagnol, langue universelle VII. L'humaniste héterodoxe catalan Pedro Galés VIII. Une mondaine contemplative au XVIe. siècle. Doña Catalina de Mendoza IX. Don Bernardino de Mendoza. La vie. Les oeuvres. |
| 650 04 - PUNTO DE ACCESO ADICIONAL DE MATERIA--TÉRMINO DE MATERIA | |
| Término de materia o nombre geográfico como elemento de entrada | Literatura española- |
| Subdivisión general | Historia y crítica |
| 9 (RLIN) | 14560 |
| 651 #4 - PUNTO DE ACCESO ADICIONAL DE MATERIA--NOMBRE GEOGRÁFICO | |
| Nombre geográfico | España- |
| Subdivisión general | Historia. |
| 9 (RLIN) | 8209 |
| 852 ## - LOCALIZACIÓN | |
| Ubicación | ES-MaACL |
| Número de control de estantería | F-9007 |
| Estatus retirado | Estado de pérdida | Estado de daño | No para préstamo | Biblioteca de origen | Biblioteca actual | Ubicación en estantería | Fecha de adquisición | Fuente de adquisición | Total de préstamos | Signatura topográfica completa | Código de barras | Visto por última vez | Precio de reemplazo | Tipo de ítem Koha |
|---|---|---|---|---|---|---|---|---|---|---|---|---|---|---|
| Biblioteca del Ateneo de Madrid | Biblioteca del Ateneo de Madrid | Sala Pecera Planta 2 | 24/08/2011 | F-9007 | 1188072 | 23/02/2023 | 23/02/2023 | Libro impreso |
